The Big Lebowski Quote Pick Quiz Stats

 Plays Quiz not verified by Sporcle

Challenge
Share
Tweet
Embed
Score 0/15 Timer 05:00
0 Plays Today
Question Answer Wrong Answers
The Dude... abides.
91.3%
defers.
1.8%
rides.
1.3%
follows.
0.3%
Yeah, well, you know, that’s just, like... your opinion, man.
86.1%
wrong, man.
2.3%
an alternative fact, man.
2.1%
bull****, man.
2.8%
My point is, here we are, it's shabbas, the sabbath, which I'm allowed to break only if... it's a matter of life or death.
81.5%
I'm forced to at gunpoint.
2.3%
you're a rabbi or ******* God.
8.5%
I'm dead.
2.8%
That rug really... tied the room together.
80.2%
pulled the room together.
10.3%
put the room together.
1.5%
held the room together.
3.6%
Nobody ***** with... the Jesus.
79.4%
the Lord.
6.2%
the Devil.
6.9%
the Judas.
1.8%
Shut the **** up... Donny.
79.2%
Lebowski.
3.3%
Walter.
8.7%
Bunny.
3.1%
Am I the only one around here who gives a ****... about the rules?
77.9%
about bowling?
9.8%
about nihilism?
1.5%
about the game?
4.9%
This will not stand, you know... this aggression will not stand, man.
75.3%
this violence will not stand, man.
6.9%
this violation will not stand, man.
9.3%
this criminal activity will not stand, man.
2.6%
Also, Dude, chinaman is not... the preferred nomenclature.
73%
politically correct.
12.6%
the proper termage.
5.4%
a word you say around a chinaman.
3.1%
That or, uh His Dudeness, or uh Duder, or El Duderino... if you’re not into the whole brevity thing.
72.5%
if you’re not into the whole dude thing.
7.5%
if you’re not into the whole royalty thing.
7.5%
if you’re not into the whole English thing.
6.2%
Hey... nice marmot.
71.5%
nice squirrel.
11.3%
nice chipmunk.
6.4%
nice skunk.
5.1%
This is not ‘Nam. This is bowling. There are rules.
71.5%
But I'm still going to kill you.
2.3%
See the difference?
3.1%
Put the gun away.
17.2%
Say what you want about the tenets of National Socialism, Dude... at least it's an ethos.
57.6%
at least I'm not a nihilist.
21.6%
at least it's not communism.
13.6%
at least I'm Jewish.
1.8%
He fixes... the cable?
55.8%
the rug?
19.3%
the toilet?
17.2%
the attic?
1%
Obviously you’re not... a golfer.
48.8%
a bowler.
42.4%
a singer.
0.8%
a dancer.
2.3%

You're not logged in!

Compare scores with friends on all Sporcle quizzes.
Join for Free
OR
Log In

You Might Also Like...

Show Comments

Extras

Top Quizzes Today


Score Distribution

Your Account Isn't Verified!

In order to create a playlist on Sporcle, you need to verify the email address you used during registration. Go to your Sporcle Settings to finish the process.

Report this User

Report this user for behavior that violates our Community Guidelines.

Details: